Catálogo

MICROECONOMICS : (Registro nro. 54663)

Detalles MARC
000 -LEADER
fixed length control field 00739nam a2200193 a 4500
001 - CONTROL NUMBER
control field 54663
005 - DATE AND TIME OF LATEST TRANSACTION
control field 20180714045623.0
008 - FIXED-LENGTH DATA ELEMENTS--GENERAL INFORMATION
fixed length control field 140415s2001 000 0 eng d
020 ## - INTERNATIONAL STANDARD BOOK NUMBER
International Standard Book Number 0130195073
041 ## - LANGUAGE CODE
Language code of text/sound track or separate title eng
082 ## - DEWEY DECIMAL CLASSIFICATION NUMBER
Classification number 338.5
Item number PIN
100 1# - MAIN ENTRY--PERSONAL NAME
Personal name Pindyck, Robert S.,.
245 10 - TITLE STATEMENT
Title MICROECONOMICS :
Remainder of title ATUDY GUIDE
250 ## - EDITION STATEMENT
Edition statement 5ed.
260 ## - PUBLICATION, DISTRIBUTION, ETC.
Place of publication, distribution, etc. [s.l.] :
Name of publisher, distributor, etc. PRENTICE HALL, INC.,,
Date of publication, distribution, etc. 2001
300 ## - PHYSICAL DESCRIPTION
Extent 726
Dimensions 21.6 x 2 x 27.6
520 ## - SUMMARY, ETC.
Summary, etc. THE TEXTBOOK, CAN BE A USEFUL LEARNING TOOL HELP REINFORCE THE BASIC CONCEPTS PRESENTED IN THE TEXT. THIS GUIDE PRESENT NUMEROUS PROBLEMS AND PROVIDES DETAILED ANSWERS TO HELP YOU GAIN PRACTICE IN WORKING THROUGH ECONOMICS PROBLEMS.
700 1# - ADDED ENTRY--PERSONAL NAME
Personal name RUBINFELD, DANIEL L.
Relator term coaut.
Existencias
Withdrawn status Lost status Source of classification or shelving scheme Damaged status Not for loan Collection code Home library Current library Shelving location Date acquired Source of acquisition Inventory number Total Checkouts Full call number Barcode Date last seen Price effective from Koha item type
    Dewey Decimal Classification     General Biblioteca Karol Wojtyla Biblioteca Karol Wojtyla Sala general 03/12/2013 Compra 151000000000000000051813   338.5 PIN 81950 05/01/2026 03/12/2013 Libro